O sociální péči rodinné

Bibliographic Details
Main Author: Poubová- Nečasová, Marie (Author)
Format: Book
Language:Undetermined
PhysicalDescription:36 s.
Published: V Brně Péče o mládež 1923

MARC

LEADER 00000nam a2200000 a 4500
001 vtls001391431
003 SK-MaSNL
005 20260302034621.0
008 240315s1923 xx 0 und
035 |a SNK000345709 
040 |a SNK  |b slo  |c SNK  |e AACR2 
100 1 |a Poubová- Nečasová, Marie  |4 aut  |9 686421 
245 1 |a O sociální péči rodinné 
260 |a V Brně  |b Péče o mládež  |c 1923 
300 |a 36 s. 
999 |c 1067113  |d 1069043 
952 |a SNK  |b SNK  |y PREZ  |7 0  |p 17A0243074  |o snkID 18677  |i snkKIF 2843/57  |8 5  |0 0  |1 0  |4 0  |d 2000-06-26  |l 0  |r 2005-01-02 00:00:00  |w 2026-02-24